000 00338nam a2200121Ia 4500
008 191201s2019 xx 000 0 und d
100 _aNIIT
245 0 _aDeveloping XML Web Services and Server Components with Visual C# .NET and the .NET Framework
260 _aN. Delhi
_bPHI
300 _a651
650 _aB.Tech(CSE)
942 _2ddc
_cBK
999 _c5584
_d5584